00679 2200229 4500001002100000005001700021008004100038020001800079035002400097082001100121090001800132100002100150245009900171250001100270260004200281300002600323650002100349700001600370990002100386990002100407990002100428YOGYA-0411000000189220110421111052.0 ind  a978-22-5249-1 0010-041100000001892 a808.83 a808.83bGla W aGladwell, Malcom aWhat the dog saw dn petualangan- petualangan lainnya / malcom gladwell;alih bahasa, Zia Anshor aCet. 2 aJakartabGramedia Pustaka Utamac2010 axviii, 457 hlmc21 cm aCerita Petualang aAnshor, Zia a51608 - PD/ B.10 a51609 - PD/ B.10 a51610 - PD/ B.10